=LDR 00000nam 2200000 4500 =001 NUTBA000000000003572 =005 20140821150851.0 =006 =007 =008 =035 ##$$a 0010-081400000000417 =040 ##$$a NBPDMAT =090 ##$$a 372.623 $b Yus a =100 ##$$a Yusuf Kristianto =245 ##$$a Asyiknya menulis aNGKA 1 - 20 / Oleh Yusuf Kristianto =260 ##$$a Yogyakarta : $b Andi, $c 2011 =300 ##$$a 33 hlm. : ilus. ; 27 cm. =650 ##$$a Manulis - TK =850 ##$$a NBPDMAT =990 ##$$a 21406237